[Event "82nd Hastings it"]
[Site "Hastings ENG"]
[Date "2006.12.28"]
[Round "1.8"]
[White "Humphreys, Jerry"]
[Black "Pert, Nicholas"]
[Result "0-1"]
[WhiteElo "2106"]
[BlackElo "2502"]
[EventDate "2006.12.28"]
[PlyCount "56"]

1.e4 e6 2.d4 d5 3.Nc3 Bb4 4.Qd3 Ne7 5.Ne2 O-O 6.a3 Bxc3+ 7.Nxc3 b6 8.Bg5 
f6 9.Bd2 c5 10.dxc5 bxc5 11.Be2 Ba6 12.Qh3 Qc8 13.exd5 Bxe2 14.Nxe2 exd5 
15.Qxc8 Rxc8 16.O-O-O Nd7 17.Rhe1 Kf7 18.Nc3 Rc6 19.Bf4 Nb6 20.Re2 Rd8 21.
Rde1 Rd7 22.Kb1 h6 23.b3 d4 24.Ne4 Nbd5 25.Bd2 c4 26.b4 Rb7 27.Ka1 c3 28.
Bc1 Nxb4 0-1

[Event "82nd Hastings it"]
[Site "Hastings ENG"]
[Date "2006.12.28"]
[Round "1.46"]
[White "Weidman, Mark"]
[Black "Sugden, John N"]
[Result "0-1"]
[WhiteElo "1232"]
[BlackElo "2158"]
[EventDate "2006.12.28"]
[PlyCount "76"]

1.d4 Nf6 2.c4 d6 3.Nc3 g6 4.Bg5 Bg7 5.e3 h6 6.Bh4 O-O 7.f3 Nbd7 8.Bd3 c6 
9.b4 e5 10.d5 Qb6 11.e4 cxd5 12.cxd5 Qxb4 13.Ne2 Nc5 14.Bc2 Bd7 15.O-O Qa5
16.a4 Rfc8 17.Qb1 a6 18.Rc1 Rab8 19.Be1 Qd8 20.Kh1 b6 21.Nd1 Nh5 22.g3 b5 
23.a5 Bf6 24.Bd2 Bg5 25.Qb4 Bxd2 26.Qxd2 Qg5 27.Ne3 {(=)} 27...f5 28.exf5 
Bxf5 29.Bxf5 gxf5 30.g4 Nb3 31.Qb4 Qxe3 32.Rxc8+ Rxc8 33.Qxd6 Ng7 34.Re1 
Nd4 35.Qxa6 Rc2 36.d6 Qxf3+ 37.Kg1 Nxe2+ 38.Rxe2 Rc1+ 0-1

[Event "82nd Hastings it"]
[Site "Hastings ENG"]
[Date "2006.12.29"]
[Round "2.28"]
[White "Hagesaether, Arne"]
[Black "Fowler, Simon"]
[Result "1/2-1/2"]
[WhiteElo "2178"]
[BlackElo "2201"]
[EventDate "2006.12.28"]
[PlyCount "114"]

1.e4 e6 2.d4 d5 3.Nc3 Bb4 4.e5 c5 5.a3 Bxc3+ 6.bxc3 Qa5 7.Nf3 cxd4 8.Qxd4 
Nc6 9.Qd2 f6 10.c4 Qxd2+ 11.Bxd2 fxe5 12.cxd5 exd5 13.Bb5 e4 14.Ne5 Ne7 
15.Bb4 Bd7 16.Nxd7 Kxd7 17.Bc3 Rhg8 18.O-O Raf8 19.f3 exf3 20.Rxf3 Rxf3 
21.gxf3 Nf5 22.Rd1 Ke6 23.Kf2 Rc8 24.Bd3 Ne5 25.Re1 Rxc3 26.f4 Ne7 27.
Rxe5+ Kf6 28.a4 h6 29.Re1 Ra3 30.Rb1 b6 31.Bb5 Ra2 32.Rc1 Nf5 33.Bc6 Ke6 
34.Re1+ Kd6 35.Bxd5 Rxc2+ 36.Kf3 Rxh2 37.Bf7 Rd2 38.Re6+ Kc7 39.Kg4 Nd6 
40.Re7+ Kd8 41.Rxa7 Nxf7 42.Rxf7 Rd7 43.Rf8+ Ke7 44.Rb8 Rd6 45.Kf5 Rf6+ 
46.Kg4 Kf7 47.a5 bxa5 48.Ra8 {(=)} 48...h5+ 49.Kg5 h4 50.Rxa5 h3 51.Ra7+ 
Ke6 52.Rxg7 Rh6 53.Ra7 Rh8 54.Ra1 Rg8+ 55.Kh4 h2 56.Kh3 Rg1 57.Ra6+ Kf5 
1/2-1/2

[Event "82nd Hastings it"]
[Site "Hastings ENG"]
[Date "2006.12.29"]
[Round "2.41"]
[White "Fryer, David W"]
[Black "O'Toole, George"]
[Result "1-0"]
[WhiteElo "2101"]
[BlackElo "1935"]
[EventDate "2006.12.28"]
[PlyCount "59"]

1.e4 e5 2.Bc4 Nf6 3.d3 Nc6 4.Nc3 Bb4 5.Ne2 d5 6.exd5 Nxd5 7.O-O Be6 8.Ne4 
f6 9.N2g3 Qd7 10.a3 Be7 11.Bd2 f5 12.Nc3 Nxc3 13.Bxc3 Bxc4 14.dxc4 Qxd1 
15.Raxd1 O-O 16.b4 e4 17.Rd7 Bf6 18.Bxf6 Rxf6 19.Rxc7 Re8 20.Rxb7 f4 21.
Nh5 Rh6 22.Nxf4 Rf8 23.Nd5 Nd4 24.Re1 Rh4 25.Ne3 Rhf4 26.c3 Nc6 27.Re2 Ne5
28.Nd5 Rd8 29.g3 Nf3+ 30.Kg2 1-0

[Event "82nd Hastings it"]
[Site "Hastings ENG"]
[Date "2006.12.30"]
[Round "3.18"]
[White "Wallace, John Paul"]
[Black "Donovan, Nigel"]
[Result "1-0"]
[WhiteElo "2418"]
[BlackElo "2119"]
[EventDate "2006.12.28"]
[PlyCount "57"]

1.d4 Nf6 2.c4 e6 3.Nc3 Bb4 4.e3 b6 5.Bd3 Bb7 6.Ne2 c5 7.O-O O-O 8.d5 Bxc3 
9.Nxc3 exd5 10.cxd5 Ba6 11.e4 Bxd3 12.Qxd3 d6 13.f4 Nbd7 14.b3 a6 15.Bb2 
Qc7 16.Rad1 Rfe8 17.Qg3 b5 18.e5 dxe5 19.d6 exf4 20.Rxf4 Qd8 21.Nd5 Re6 
22.Nc7 Nh5 23.Qg4 Ndf6 24.Bxf6 Rxf6 25.Qxh5 Rxf4 26.Nxa8 Qxa8 27.d7 Rd4 
28.Rxd4 cxd4 29.Qe5 1-0

[Event "82nd Hastings it"]
[Site "Hastings ENG"]
[Date "2006.12.30"]
[Round "3.44"]
[White "Chevannes, Sabrina"]
[Black "Tucker, Andrew L"]
[Result "1/2-1/2"]
[WhiteElo "2093"]
[BlackElo "1956"]
[EventDate "2006.12.28"]
[PlyCount "106"]

1.d4 g6 2.Nf3 Bg7 3.e4 d6 4.Be3 Nd7 5.Bd3 e5 6.Qd2 Ngf6 7.h3 Qe7 8.O-O O-O
9.Nc3 c6 10.Rfe1 Re8 11.Rad1 Nf8 12.Qe2 h6 13.Na4 g5 14.c4 Ng6 15.dxe5 
dxe5 16.Bc5 Qc7 17.Bc2 Bf8 18.Qe3 b6 19.Bxf8 Kxf8 20.b4 Be6 21.Nb2 Kg7 22.
Qc3 Rad8 23.Nd3 Nd7 24.Nd2 f6 25.a3 h5 26.Nf1 Rh8 27.Ne3 Rdg8 28.Bb3 Ndf8 
29.c5 b5 30.Nf5+ Kf7 31.Re2 Bxb3 32.Qxb3+ Ne6 33.Red2 Rd8 34.Ne1 Rxd2 {(=)
} 35.Rxd2 Rd8 36.Rd6 Nf8 37.a4 a6 38.axb5 axb5 39.Qa2 Re8 40.Nc2 Kg6 41.
Nce3 Qb7 42.Rd3 Ra8 43.Ra3 Rxa3 44.Qxa3 Qd7 45.Qa2 Kh7 46.Qa8 Ng6 47.Nd6 
Ngf4 48.Nef5 Ne2+ 49.Kf1 N2d4 50.Nxd4 Nxd4 51.Qf8 Qe6 52.Ne8 Qc4+ 53.Kg1 
Qc1+ 1/2-1/2

[Event "82nd Hastings it"]
[Site "Hastings ENG"]
[Date "2006.12.31"]
[Round "4.1"]
[White "Williams, Simon"]
[Black "Gagunashvili, Merab"]
[Result "1/2-1/2"]
[WhiteElo "2473"]
[BlackElo "2611"]
[EventDate "2006.12.28"]
[PlyCount "92"]

1.d4 d6 2.e4 Nf6 3.Nc3 g6 4.Be3 c6 5.h3 Bg7 6.g4 Qa5 7.Qd2 e5 8.Nge2 b5 9.
dxe5 dxe5 10.Bc5 Nbd7 11.b4 Qd8 12.O-O-O Bf8 13.Bxf8 Rxf8 14.Qd6 Bb7 15.
Ng3 Qb8 16.Qd2 Qc7 17.g5 Ng8 18.h4 Ke7 19.h5 Rfd8 20.hxg6 hxg6 21.Qe3 a5 
22.Bh3 Kf8 23.Bxd7 Rxd7 24.Qc5+ Re7 25.Nf5 axb4 26.Rh8 gxf5 27.exf5 bxc3 
28.f6 Re8 29.Qxc3 e4 30.Qh3 Qf4+ 31.Kb1 Qxg5 32.Qh7 Ra8 33.Rxg8+ Qxg8 34.
fxe7+ Kxe7 35.Qxe4+ Kf6 36.Qf4+ Ke6 37.Qe4+ Kf6 38.Qf4+ Ke6 39.Qd6+ Kf5 
40.Qc5+ Kf6 41.Qd4+ Kf5 42.Qd3+ Kf6 43.Qf3+ Ke6 44.Qh3+ Kf6 45.Qf3+ Ke6 
46.Qe4+ Kf6 1/2-1/2

[Event "82nd Hastings it"]
[Site "Hastings ENG"]
[Date "2006.12.31"]
[Round "4.2"]
[White "Gofshtein, Leonid"]
[Black "Cherniaev, Alexander"]
[Result "1/2-1/2"]
[WhiteElo "2509"]
[BlackElo "2472"]
[EventDate "2006.12.28"]
[PlyCount "105"]

1.c4 g6 2.d4 Nf6 3.Nc3 Bg7 4.e4 d6 5.Bd3 O-O 6.Nge2 c6 7.O-O e5 8.d5 a5 9.
Bg5 h6 10.Be3 Nbd7 11.f3 h5 12.Qd2 Kh7 13.Bc2 c5 14.Bg5 Qb6 15.Nb5 Ng8 16.
Nec3 f6 17.Be3 Ra6 18.g3 Qd8 19.Kh1 Nh6 20.Bd3 Nb6 21.f4 Bh3 22.Rf3 Ra8 
23.f5 g5 24.Qe1 g4 25.Rf2 Nf7 26.Rc2 Bh6 27.Bxh6 Kxh6 28.Nd1 Kg7 29.Nf2 
Ng5 30.Qe3 Qe7 31.b3 Rfc8 32.a3 Nd7 33.Rb1 Nb8 34.Nc3 Rh8 35.Ne2 Na6 36.
Ng1 Kf7 37.Ngxh3 Nxh3 38.Nxh3 gxh3 39.Bf1 Qf8 40.Bxh3 Qh6 41.Qf3 Rag8 42.
Rg1 Qg5 43.Rf2 Rg7 44.Bf1 h4 45.g4 Rc8 46.Qc3 b6 47.Be2 Rgg8 48.Rb1 Ra8 
49.Kg2 Ra7 50.Kf1 Ke7 51.Ke1 Nb8 52.Bd1 Nd7 53.Qd2 1/2-1/2

[Event "82nd Hastings it"]
[Site "Hastings ENG"]
[Date "2006.12.31"]
[Round "4.11"]
[White "Lalic, Bogdan"]
[Black "Cafferty, Bernard"]
[Result "1-0"]
[WhiteElo "2491"]
[BlackElo "2207"]
[EventDate "2006.12.28"]
[PlyCount "73"]

1.d4 Nf6 2.c4 e6 3.Nc3 Bb4 4.e3 b6 5.Ne2 Ne4 6.Qc2 Bb7 7.Nf4 c5 8.Bd3 Nxc3
9.bxc3 Ba5 10.O-O d6 11.d5 Qf6 12.Bd2 g6 13.e4 Nd7 14.Ne2 Ne5 15.f4 Nxd3 
16.Qxd3 exd5 17.exd5 Bc8 18.f5 Bxf5 19.Qf3 Qh4 20.Ng3 O-O-O 21.Nxf5 gxf5 
22.Qxf5+ Rd7 23.Rf4 Qd8 24.Re4 h6 25.Rae1 Kb7 26.R1e3 Rc7 27.Rf3 Re8 28.
Bxh6 Rxe4 29.Qxe4 Re7 30.Qh4 Qe8 31.h3 Re4 32.Qf6 Rxc4 33.Bd2 Ka6 34.Re3 
Qa4 35.Qxf7 Qxa2 36.Re7 Ra4 37.c4 1-0

[Event "82nd Hastings it"]
[Site "Hastings ENG"]
[Date "2006.12.31"]
[Round "4.47"]
[White "Rety, John"]
[Black "MacRae, James S"]
[Result "1-0"]
[WhiteElo "1965"]
[BlackElo "1759"]
[EventDate "2006.12.28"]
[PlyCount "121"]

1.e4 e5 2.d4 exd4 3.Qxd4 Nc6 4.Qe3 Qf6 5.Nf3 Bb4+ 6.Nc3 d6 7.Bd2 Bg4 8.Bb5
Ne7 9.e5 Qe6 10.exd6 Qxe3+ 11.Bxe3 Bxd6 12.Nd4 Bd7 13.O-O-O a6 14.Nxc6 
Bxc6 15.Bxc6+ Nxc6 16.Ne4 Bb4 17.Bf4 Ba5 18.Nc5 Rb8 19.c3 Bb6 20.Rhe1+ Ne7
21.Rd7 Bxc5 22.Rxc7 Rd8 23.Rxc5 Rd7 24.Rc8+ Rd8 25.Rc7 Rd7 26.Bd6 Rxc7 27.
Bxc7 Kd7 28.Be5 f6 29.Rd1+ Kc8 30.Bf4 Nc6 31.b4 Re8 32.Be3 Ne5 33.Rd4 g6 
34.Kd2 Re6 35.Kc2 Rc6 36.Kb3 Re6 37.c4 f5 38.h3 Nc6 39.Rd5 Re4 40.a4 f4 
41.Bb6 Re8 42.b5 axb5 43.axb5 Ne7 44.Rc5+ Kb8 45.Bc7+ Kc8 46.Bxf4+ Kd8 47.
Bg5 Kd7 48.Re5 Nf5 49.Rxe8 Kxe8 50.Kb4 Kd7 51.Kc5 Nd6 52.Kd5 Nf5 53.g4 Nd6
54.Bf4 Nf7 55.c5 g5 56.Be5 h6 57.f4 gxf4 58.Bxf4 Ke7 59.h4 Kd7 60.c6+ 
bxc6+ 61.bxc6+ 1-0

[Event "82nd Hastings it"]
[Site "Hastings ENG"]
[Date "2007.01.01"]
[Round "5.18"]
[White "Furman, Boris"]
[Black "Vul, Arkadi"]
[Result "1/2-1/2"]
[WhiteElo "2263"]
[BlackElo "2365"]
[EventDate "2006.12.28"]
[PlyCount "21"]

1.d4 d5 2.c4 e6 3.Nc3 c6 4.Bf4 dxc4 5.a4 Nf6 6.e3 b5 7.axb5 cxb5 8.Nxb5 
Bb4+ 9.Nc3 Nd5 10.Ne2 Nc6 11.g4 1/2-1/2

[Event "82nd Hastings it"]
[Site "Hastings ENG"]
[Date "2007.01.01"]
[Round "5.25"]
[White "Hutchinson, Norman"]
[Black "Jackson, Oliver A"]
[Result "0-1"]
[WhiteElo "2097"]
[BlackElo "2225"]
[EventDate "2006.12.28"]
[PlyCount "54"]

1.e4 c5 2.Nf3 e6 3.c3 Nf6 4.e5 Nd5 5.d4 cxd4 6.cxd4 b6 7.Nc3 Nxc3 8.bxc3 
Qc7 9.Bd2 d6 10.Bd3 Nd7 11.O-O dxe5 12.Ng5 Bb7 13.Qh5 g6 14.Qh3 Be7 15.
Rae1 Qd8 16.f4 Bxg5 17.fxg5 O-O 18.Qh6 Qe7 19.Re3 Rfc8 20.Bb5 exd4 21.cxd4
Rc2 22.Rf2 Nf8 23.d5 Rxd2 24.Rxd2 Qc5 25.Re2 Qxb5 26.dxe6 Nxe6 27.Qh3 Nf4 
0-1

[Event "82nd Hastings it"]
[Site "Hastings ENG"]
[Date "2007.01.01"]
[Round "5.49"]
[White "Weidman, Mark"]
[Black "Reuben, Stewart"]
[Result "0-1"]
[WhiteElo "1232"]
[BlackElo "2146"]
[EventDate "2006.12.28"]
[PlyCount "36"]

1.d4 Nf6 2.c4 e6 3.Nc3 Bb4 4.Bg5 c5 5.e3 h6 6.Bh4 d6 7.Bd3 Nbd7 8.Ne2 e5 
9.Qc2 Qe7 10.O-O O-O 11.f4 Bxc3 12.Qxc3 g5 13.fxg5 Ng4 14.Bh7+ Kh8 15.Rf5 
Nb6 16.Qd3 e4 17.g6 Qxh4 18.Rxf7 Rxf7 0-1

[Event "82nd Hastings it"]
[Site "Hastings ENG"]
[Date "2007.01.03"]
[Round "7.11"]
[White "Peek, Marcel"]
[Black "Huss, Andreas"]
[Result "1-0"]
[WhiteElo "2367"]
[BlackElo "2338"]
[EventDate "2006.12.28"]
[PlyCount "65"]

1.d4 e6 2.c4 Nf6 3.Nc3 Bb4 4.e3 b6 5.Ne2 Ba6 6.a3 Bxc3+ 7.Nxc3 d5 8.Qf3 
O-O 9.g4 Bb7 10.g5 Ne4 11.Nxe4 dxe4 12.Qg3 f5 13.Bd2 Nd7 14.Bc3 Rc8 15.
O-O-O Qe7 16.h4 c5 17.d5 exd5 18.cxd5 c4 19.Bb4 Qf7 20.h5 f4 21.exf4 Nc5 
22.g6 Qxf4+ 23.Qxf4 Rxf4 24.Bxc5 Rxc5 25.d6 Rf8 26.Rh4 b5 27.Bh3 Re5 28.
Rf4 Rd8 29.Rf7 Bd5 30.Re7 Rxh5 31.Rxd5 Rxh3 32.d7 Rh1+ 33.Kc2 1-0

[Event "82nd Hastings it"]
[Site "Hastings ENG"]
[Date "2007.01.03"]
[Round "7.36"]
[White "Rice, Christopher"]
[Black "Tucker, Andrew L"]
[Result "1-0"]
[WhiteElo "2110"]
[BlackElo "1956"]
[EventDate "2006.12.28"]
[PlyCount "53"]

1.c4 e5 2.g3 Nf6 3.Bg2 d5 4.cxd5 Nxd5 5.Nf3 Nc6 6.O-O Nb6 7.d3 Be7 8.a3 
O-O 9.b4 Be6 10.Bb2 f6 11.Nbd2 Qd7 12.Qc2 Bh3 13.Bxh3 Qxh3 14.b5 Nd8 15.d4
Ne6 16.dxe5 f5 17.Qb3 f4 18.Nd4 Kf7 19.N2f3 Rae8 20.Rac1 Bd8 21.Nxe6 Rxe6 
22.Nd4 Re8 23.Rfd1 fxg3 24.hxg3 Kf8 25.Nxe6+ Rxe6 26.Rxd8+ Ke7 27.Rd4 1-0

[Event "82nd Hastings it"]
[Site "Hastings ENG"]
[Date "2007.01.04"]
[Round "8.29"]
[White "Poobalasingam, Peter"]
[Black "Cafferty, Bernard"]
[Result "1/2-1/2"]
[WhiteElo "2077"]
[BlackElo "2207"]
[EventDate "2006.12.28"]
[PlyCount "28"]

1.d4 Nf6 2.c4 e6 3.Nc3 Bb4 4.e3 b6 5.Ne2 Ne4 6.Qc2 Bb7 7.Nf4 f5 8.Bd3 Qh4 
9.O-O Bxc3 10.bxc3 g5 11.f3 Nd6 12.g3 Qh6 13.Ng2 Nc6 14.e4 O-O 1/2-1/2

[Event "82nd Hastings it"]
[Site "Hastings ENG"]
[Date "2007.01.05"]
[Round "9.2"]
[White "Cherniaev, Alexander"]
[Black "Ikonnikov, Viacheslav"]
[Result "1/2-1/2"]
[WhiteElo "2472"]
[BlackElo "2588"]
[EventDate "2006.12.28"]
[PlyCount "22"]

1.e4 c5 2.Nf3 Nc6 3.c3 Nf6 4.e5 Nd5 5.d4 cxd4 6.cxd4 d6 7.Bc4 Nb6 8.Bb5 
dxe5 9.Nxe5 Bd7 10.Bxc6 Bxc6 11.Nxc6 bxc6 1/2-1/2

[Event "82nd Hastings it"]
[Site "Hastings ENG"]
[Date "2007.01.05"]
[Round "9.3"]
[White "Neverov, Valeriy"]
[Black "Ansell, Simon"]
[Result "1-0"]
[WhiteElo "2538"]
[BlackElo "2394"]
[EventDate "2006.12.28"]
[PlyCount "77"]

1.d4 d5 2.c4 c6 3.Nf3 Nf6 4.Nc3 dxc4 5.a4 Bf5 6.e3 e6 7.Bxc4 Bb4 8.O-O O-O
9.Qe2 Nbd7 10.e4 Bg6 11.Bd3 Bh5 12.e5 Nd5 13.Nxd5 cxd5 14.Qe3 Be7 15.Ng5 
Bxg5 16.Qxg5 Qxg5 17.Bxg5 Nb8 18.Bd2 Nc6 19.Bc3 Bg6 20.Be2 Rfc8 21.g4 a6 
22.h4 h6 23.h5 Bh7 24.f3 Rab8 25.Kf2 b5 26.axb5 axb5 27.Ke3 b4 28.Bd2 f6 
29.exf6 gxf6 30.Rfc1 e5 31.dxe5 fxe5 32.Kf2 Nd4 33.Bxh6 Bc2 34.Ra7 Nb3 35.
Rh1 d4 36.Bg7 d3 37.Bxe5 dxe2 38.Rg7+ Kf8 39.h6 1-0

[Event "82nd Hastings it"]
[Site "Hastings ENG"]
[Date "2007.01.05"]
[Round "9.6"]
[White "Rudd, Jack"]
[Black "Greet, Andrew"]
[Result "1/2-1/2"]
[WhiteElo "2310"]
[BlackElo "2439"]
[EventDate "2006.12.28"]
[PlyCount "136"]

1.d4 Nf6 2.c4 e6 3.Nc3 Bb4 4.f3 d5 5.a3 Be7 6.e4 dxe4 7.fxe4 e5 8.d5 Bc5 
9.Nf3 Bg4 10.Be2 Bxf3 11.Bxf3 O-O 12.Qd3 a5 13.Be3 Na6 14.O-O Qd6 15.Kh1 
Bxe3 16.Qxe3 Qc5 17.Qd3 Nd7 18.Ne2 Nb6 19.Rac1 Nc8 20.Qc3 Re8 21.Qe1 b6 
22.Ng3 g6 23.Qd2 Qe7 24.Bg4 a4 25.Bxc8 Raxc8 26.Qh6 f6 27.Qh4 Rf8 28.Rf3 
Rcd8 29.Rcf1 Rd6 30.Ne2 Nc5 31.Nc3 Kg7 32.Qf2 Rf7 33.g4 Rd8 34.Qe3 Rdf8 
35.h4 f5 36.gxf5 gxf5 37.exf5 Qxh4+ 38.Rh3 Qd4 39.Qe2 Kh8 40.Nb5 Qe4+ 41.
Qxe4 Nxe4 42.Re3 Nd6 43.Rxe5 Nxc4 44.Re6 Rxf5 45.Rxf5 Rxf5 46.Nxc7 Rf7 47.
Ne8 Rf1+ 48.Kg2 Rb1 49.Re2 Kg8 50.d6 Rd1 51.Re7 Kf8 52.Nc7 Rxd6 53.Rxh7 
Nxb2 54.Nb5 Rd5 55.Nc3 Rc5 56.Ne4 Rc6 57.Ra7 Ke8 58.Kf3 Kd8 59.Kf4 Kc8 60.
Ke5 Kb8 61.Rh7 Nc4+ 62.Kd5 Rc8 63.Nf6 Rc5+ 64.Kd4 Rc6 65.Kd5 Rc5+ 66.Kd4 
Ka8 67.Nd5 Rc6 68.Rc7 Rxc7 1/2-1/2

[Event "82nd Hastings it"]
[Site "Hastings ENG"]
[Date "2007.01.05"]
[Round "9.7"]
[White "Hebden, Mark"]
[Black "Peek, Marcel"]
[Result "1/2-1/2"]
[WhiteElo "2545"]
[BlackElo "2367"]
[EventDate "2006.12.28"]
[PlyCount "62"]

1.d4 d5 2.Nf3 Nc6 3.c4 Bg4 4.Nc3 e6 5.e3 Bb4 6.Bd2 Nf6 7.h3 Bh5 8.Rc1 O-O 
9.Be2 Ne4 10.a3 Bxc3 11.Bxc3 dxc4 12.Bxc4 e5 13.d5 Nxc3 14.Rxc3 Bxf3 15.
Qxf3 Ne7 16.O-O Nc8 17.Qh5 Qe7 18.f4 exf4 19.exf4 Nd6 20.Bd3 f5 21.Qf3 
Rae8 22.Qf2 a6 23.Kh2 Rf7 24.Qc2 Qd8 25.Rc1 Re3 26.Qf2 Re8 27.Bb1 Ne4 28.
Bxe4 Rxe4 29.Rd3 Qd6 30.g3 Rfe7 31.Rd2 h6 1/2-1/2

[Event "82nd Hastings it"]
[Site "Hastings ENG"]
[Date "2007.01.05"]
[Round "9.8"]
[White "Ashton, Adam"]
[Black "Williams, Simon"]
[Result "0-1"]
[WhiteElo "2304"]
[BlackElo "2473"]
[EventDate "2006.12.28"]
[PlyCount "60"]

1.e4 c5 2.Nf3 g6 3.d4 cxd4 4.Nxd4 Bg7 5.c4 Nc6 6.Be3 Nf6 7.Nc3 O-O 8.Be2 
d6 9.O-O Bd7 10.Qd2 Nxd4 11.Bxd4 Bc6 12.f3 a5 13.b3 Nd7 14.Bf2 Nc5 15.Rab1
e6 16.a3 a4 17.b4 Nb3 18.Qd3 Qf6 19.Na2 d5 20.exd5 exd5 21.c5 Bd7 22.g4 
Rfe8 23.Rfe1 h5 24.Nc1 Nd4 25.Bxd4 Qxd4+ 26.Qxd4 Bxd4+ 27.Kf1 hxg4 28.fxg4
Re4 29.Bf3 Bb5+ 30.Be2 Rae8 0-1

[Event "82nd Hastings it"]
[Site "Hastings ENG"]
[Date "2007.01.05"]
[Round "9.9"]
[White "Hendriks, Willy"]
[Black "Briscoe, Christopher"]
[Result "0-1"]
[WhiteElo "2439"]
[BlackElo "2121"]
[EventDate "2006.12.28"]
[PlyCount "62"]

1.e4 c5 2.Nf3 d6 3.d4 cxd4 4.Nxd4 Nf6 5.Nc3 a6 6.Bc4 e6 7.Bb3 Nbd7 8.f4 
Nc5 9.O-O Be7 10.e5 dxe5 11.fxe5 Nfd7 12.Bf4 Nf8 13.Be3 Ng6 14.Qh5 Qc7 15.
Nf3 O-O 16.Rae1 b5 17.Bg5 h6 18.Bxe7 Qxe7 19.Nd1 Bb7 20.Nf2 Rad8 21.Ng4 
Nxb3 22.cxb3 Qc5+ 23.Kh1 Rd3 24.Nf2 Re3 25.Rc1 Bxf3 26.gxf3 Qxe5 27.Qxe5 
Nxe5 28.f4 Ng6 29.Rc2 Nxf4 30.Ng4 Nd5 31.Rg1 Rh3 0-1

[Event "82nd Hastings it"]
[Site "Hastings ENG"]
[Date "2007.01.05"]
[Round "9.10"]
[White "Kwiatkowski, Feliks"]
[Black "Haslinger, Stewart"]
[Result "1/2-1/2"]
[WhiteElo "2226"]
[BlackElo "2438"]
[EventDate "2006.12.28"]
[PlyCount "80"]

1.e4 e5 2.Nf3 Nc6 3.Bb5 a6 4.Ba4 Nf6 5.O-O Be7 6.Re1 b5 7.Bb3 d6 8.c3 O-O 
9.h3 Na5 10.Bc2 c5 11.d4 Nd7 12.Nbd2 cxd4 13.cxd4 Nc6 14.Nb3 a5 15.Bd3 a4 
16.Bxb5 Qb6 17.Bxc6 Qxc6 18.Nbd2 Bf6 19.Nf1 exd4 20.Nxd4 Qb6 21.Be3 Nc5 
22.Ng3 g6 23.Rb1 Bb7 24.b4 axb3 25.Nxb3 Qc6 26.Nd4 Qd7 27.f3 Rxa2 28.Nb5 
Bh4 29.Kh2 Bc8 30.Re2 Bxg3+ 31.Kxg3 Rxe2 32.Qxe2 Ba6 33.Qb2 Rb8 34.Qf6 Ne6
35.Nc3 Rxb1 36.Nxb1 d5 37.exd5 Qxd5 38.Nc3 Qd6+ 39.Bf4 Qxf4+ 40.Qxf4 Nxf4 
1/2-1/2

[Event "82nd Hastings it"]
[Site "Hastings ENG"]
[Date "2007.01.05"]
[Round "9.11"]
[White "Narayanan, Srinath"]
[Black "Jones, Gawain"]
[Result "1/2-1/2"]
[WhiteElo "2141"]
[BlackElo "2430"]
[EventDate "2006.12.28"]
[PlyCount "26"]

1.e4 c5 2.Nf3 {(=)} 2...d6 3.d4 cxd4 4.Nxd4 Nf6 5.Nc3 g6 6.Be3 Bg7 7.f3 a6
8.Bc4 Nbd7 9.Qd2 b5 10.Bb3 Bb7 11.O-O-O Nc5 12.Kb1 h5 13.Rhe1 Nxb3 1/2-1/2

[Event "82nd Hastings it"]
[Site "Hastings ENG"]
[Date "2007.01.05"]
[Round "9.12"]
[White "Furman, Boris"]
[Black "Grooten, Herman"]
[Result "0-1"]
[WhiteElo "2263"]
[BlackElo "2387"]
[EventDate "2006.12.28"]
[PlyCount "128"]

1.d4 Nf6 2.c4 e6 3.Nc3 Bb4 4.g3 c5 5.Nf3 cxd4 6.Nxd4 Ne4 7.Qd3 Bxc3+ 8.
bxc3 Nc5 9.Qf3 d6 10.Bg2 Bd7 11.O-O Bc6 12.Qg4 O-O 13.Rd1 Bxg2 14.Kxg2 Qe7
15.Ba3 {(=)} 15...Nbd7 16.Nb5 Nf6 17.Qd4 b6 18.Nxd6 e5 19.Qh4 Ne6 20.f3 
Rfd8 21.c5 bxc5 22.Ne4 Qc7 23.Nxf6+ gxf6 24.Qa4 f5 25.Rxd8+ Rxd8 26.Rd1 
Rxd1 27.Qxd1 Qc6 28.c4 Qa6 29.Qb3 Kg7 30.Qc3 Kg6 31.Bb2 f6 32.a3 Qd6 33.
Qd3 Qxd3 34.exd3 f4 35.a4 h5 36.Bc1 fxg3 37.hxg3 Kf7 38.Kf2 Ke7 39.Ke3 Kd6
40.Bd2 Nd4 41.Bc3 f5 42.Ba5 Nc6 43.Be1 Nb4 44.Bc3 Ke6 45.Bd2 Nc2+ 46.Kf2 
Kd6 47.Bg5 Na3 48.Kg2 Nb1 49.Kf2 Nc3 50.a5 Na2 51.Bh6 Nb4 52.Ke2 Nc2 53.
Bf8+ Kc6 54.Bg7 Nd4+ 55.Kf2 Nb3 56.Bxe5 Nxa5 57.Ke3 Kd7 58.Kf4 Ke6 59.Bc3 
Nc6 60.Bb2 Nb4 61.Ke3 f4+ 62.gxf4 Kf5 63.Bc3 h4 64.Bd2 Nxd3 0-1

[Event "82nd Hastings it"]
[Site "Hastings ENG"]
[Date "2007.01.05"]
[Round "9.13"]
[White "Rendle, Thomas"]
[Black "Houska, Jovanka"]
[Result "1-0"]
[WhiteElo "2382"]
[BlackElo "2364"]
[EventDate "2006.12.28"]
[PlyCount "65"]

1.f4 d6 2.d3 e5 3.Nc3 Nc6 4.Nf3 {(=)} 4...g6 5.e4 Bg7 6.Be2 Nge7 7.O-O O-O
8.Qe1 f5 9.Qh4 Nd4 10.fxe5 dxe5 11.Bg5 Nxe2+ 12.Nxe2 Rf7 {(=)} 13.exf5 
Bxf5 14.Bh6 Nc6 15.Ng5 Nd4 16.Nxd4 Bxh6 17.Ndf3 Bxg5 18.Nxg5 a5 19.g4 Qd4+
20.Rf2 Rg7 {(=)} 21.h3 Bd7 22.Rf1 Rf8 23.Kh2 Rxf2+ 24.Rxf2 Bc6 25.Ne6 Qd6 
26.Qf6 e4+ 27.Rf4 Qxf4+ 28.Qxf4 Rf7 29.Qg5 Rf2+ 30.Kg1 e3 31.Qd8+ Kf7 32.
Ng5+ Kg7 33.Qe7+ 1-0

[Event "82nd Hastings it"]
[Site "Hastings ENG"]
[Date "2007.01.05"]
[Round "9.14"]
[White "Knott, Simon"]
[Black "Ledger, David"]
[Result "1-0"]
[WhiteElo "2375"]
[BlackElo "2276"]
[EventDate "2006.12.28"]
[PlyCount "81"]

1.Nf3 f5 2.g3 Nf6 3.Bg2 e6 4.O-O Be7 5.c4 O-O 6.d4 d6 7.Nc3 Ne4 8.Nxe4 
fxe4 9.Nd2 d5 10.f3 exf3 11.Nxf3 Nc6 12.Be3 b6 13.Rc1 Qd7 14.b4 Bxb4 15.
cxd5 exd5 16.Qb3 Bb7 17.Rxc6 Qxc6 18.Qxb4 Qc2 19.Qd2 Qxd2 20.Nxd2 Rfe8 21.
Kf2 Re7 22.Bf3 h6 23.h4 a5 24.Rc1 c6 25.Rb1 Ra6 26.a4 Bc8 27.Rc1 Bd7 28.
Nb1 Ra7 29.Nc3 Bf5 30.Bf4 Kh7 31.g4 Bd7 32.Rb1 Rb7 33.Bd6 Rf7 34.Kg3 Be6 
35.e4 Rfd7 36.Be5 Rd8 37.exd5 cxd5 38.Rb5 Rf7 39.Rxb6 Rc8 40.Ne2 Rcf8 41.
Bg2 1-0

[Event "82nd Hastings it"]
[Site "Hastings ENG"]
[Date "2007.01.05"]
[Round "9.15"]
[White "Humphreys, Jerry"]
[Black "Ciuksyte, Dagne"]
[Result "1/2-1/2"]
[WhiteElo "2106"]
[BlackElo "2440"]
[EventDate "2006.12.28"]
[PlyCount "70"]

1.e4 c6 2.d4 d5 3.Nc3 dxe4 4.Nxe4 Bf5 5.Ng3 Bg6 6.h4 h6 7.Nf3 Nd7 8.h5 Bh7
9.Bd3 Bxd3 10.Qxd3 e6 11.Bf4 Qa5+ 12.Bd2 Qc7 13.O-O-O Ngf6 14.c4 Bd6 15.
Ne4 Bf4 16.Kb1 Bxd2 17.Rxd2 O-O-O 18.Nxf6 Nxf6 19.Qe2 c5 20.Rh4 Rd6 21.
dxc5 Rxd2 22.Nxd2 Qxc5 23.Ne4 Qf5 24.Kc1 Rd8 25.g3 Qe5 26.Qe3 Nxe4 27.Qxe4
Qa5 28.Qe3 Qxa2 29.Qc5+ Kb8 30.Rd4 Rc8 31.Qe5+ Ka8 32.Qxg7 Rxc4+ 33.Rxc4 
Qxc4+ 34.Kb1 Qf1+ 35.Ka2 Qc4+ 1/2-1/2

[Event "82nd Hastings it"]
[Site "Hastings ENG"]
[Date "2007.01.05"]
[Round "9.16"]
[White "Wallace, John Paul"]
[Black "Britton, Richard"]
[Result "1-0"]
[WhiteElo "2418"]
[BlackElo "2261"]
[EventDate "2006.12.28"]
[PlyCount "89"]

1.d4 Nf6 2.c4 g6 3.Nc3 Bg7 4.e4 d6 5.h3 O-O 6.Bg5 Nbd7 7.Nf3 e5 8.d5 a5 9.
Bd3 Nc5 10.Bc2 h6 11.Be3 c6 12.Qd2 cxd5 13.cxd5 Kh7 14.a3 Nfd7 15.O-O a4 
16.Ne1 b6 17.Kh2 Ba6 18.Rg1 Bc4 19.Rb1 Nb3 20.Qd1 b5 21.Nf3 Qa5 22.Na2 
Nbc5 23.Nb4 Bb3 24.Nd2 Bxc2 25.Qxc2 h5 26.g4 hxg4 27.hxg4 Rh8 28.Kg2 Kg8 
29.Rh1 f6 30.Rxh8+ Bxh8 31.Rh1 Bg7 32.Nc6 Qc7 33.f4 exf4 34.Bxf4 Ne5 35.g5
Nxc6 36.Qxc5 Qd7 37.Qxc6 Qg4+ 38.Bg3 Rc8 39.Qxb5 fxg5 40.Qd3 Bxb2 41.Nc4 
Bg7 42.Ne3 Qd7 43.e5 dxe5 44.Qxg6 Qf7 45.Qh7+ 1-0

[Event "82nd Hastings it"]
[Site "Hastings ENG"]
[Date "2007.01.05"]
[Round "9.17"]
[White "Fowler, Simon"]
[Black "Vul, Arkadi"]
[Result "1/2-1/2"]
[WhiteElo "2201"]
[BlackElo "2365"]
[EventDate "2006.12.28"]
[PlyCount "72"]

1.e4 e5 2.Nf3 Nc6 3.Bb5 g6 4.c3 Nge7 5.d4 exd4 6.cxd4 d5 7.exd5 Nxd5 8.O-O
Bg7 9.Re1+ Be6 10.Bg5 Qd6 11.Nbd2 O-O 12.Ne4 Qb4 13.Bxc6 bxc6 14.Qc1 Rfe8 
15.Bd2 Qb6 16.Nc5 Bf5 17.Ne5 Rad8 18.a4 Bxe5 19.dxe5 Nb4 20.a5 Qb5 21.Bxb4
Qxb4 22.Ra4 Qd2 23.g4 {(=)} 23...Qxc1 24.Rxc1 Bc8 25.f4 Kg7 26.Ne4 Ba6 27.
Nf6 Rf8 28.Ra3 Bb5 29.g5 Rh8 30.Rh3 Rd4 31.Rh4 h5 32.gxh6+ Rxh6 33.Ne8+ 
Kh7 34.Nf6+ Kg7 35.Ne8+ Kh7 36.Nf6+ Kg7 1/2-1/2